000 00395nam a22001457a 4500
999 _c7708
_d7706
005 20210322104855.0
008 210322b ||||| |||| 00| 0 eng d
082 _a346.066
100 _aAIYAR, A.N.
_96466
245 _aCOMPANY CASES THE CORPORATE LAW WEEKLY [VOL-192]
260 _aCHENNAI
_bCOMPANY LAW INSTITUTE OF INDIA
_c2015
300 _a604,i-xxiv,p
650 _aLAW
_95701
942 _cJRL